[Event "DVM U16w 2024"]
[Site "Neumünster GER"]
[Date "2024.12.27"]
[Round "2"]
[White "Hergenröder, Cora"]
[Black "Gruber, Florentine"]
[Result "1-0"]
[Termination "normal"]
[Board "4.2"]
[WhiteElo "1681"]
[BlackElo "1539"]
[WhiteClock "00:04:17"]
[BlackClock "00:01:48"]
[WhiteTeam "ATSV Oberkotzau"]
[BlackTeam "SchachAkademiePaderborn"]
[PlyCount "67"]
[WhiteFideId "34603700"]
[BlackFideId "34605711"]
[EventCountry "GER"]
[EventRounds "7"]
[EventType "team-swiss"]
[EventDate "2024.12.26"]

1. d4 {[%clk 01:30:58]} {[%emt 00:00:01]} d5 {[%clk 01:30:55]} {[%emt
00:00:05]} 2. c4 {[%clk 01:31:23]} {[%emt 00:00:05]} e6 {[%clk 01:31:10]}
{[%emt 00:00:15]} 3. cxd5 {[%clk 01:31:48]} {[%emt 00:00:06]} exd5 {[%clk
01:31:31]} {[%emt 00:00:08]} 4. Nc3 {[%clk 01:32:12]} {[%emt 00:00:06]} Nf6
{[%clk 01:31:53]} {[%emt 00:00:07]} 5. Bg5 {[%clk 01:32:34]} {[%emt 00:00:08]}
Be7 {[%clk 01:32:05]} {[%emt 00:00:19]} 6. e3 {[%clk 01:32:53]} {[%emt
00:00:11]} O-O {[%clk 01:32:23]} {[%emt 00:00:12]} 7. Bd3 {[%clk 01:33:10]}
{[%emt 00:00:13]} Re8 {[%clk 01:32:16]} {[%emt 00:00:37]} 8. Nge2 {[%clk
01:33:13]} {[%emt 00:00:27]} c6 {[%clk 01:31:56]} {[%emt 00:00:51]} 9. O-O
{[%clk 01:32:48]} {[%emt 00:00:55]} Nbd7 {[%clk 01:30:56]} {[%emt 00:01:30]}
10. f3 {[%clk 01:24:57]} {[%emt 00:08:21]} Nf8 {[%clk 01:23:35]} {[%emt
00:07:50]} 11. Bh4 {[%clk 01:25:04]} {[%emt 00:00:23]} Ne6 {[%clk 01:22:20]}
{[%emt 00:01:46]} 12. Bf2 {[%clk 01:22:52]} {[%emt 00:02:41]} g6 {[%clk
01:15:45]} {[%emt 00:07:06]} 13. Kh1 {[%clk 01:20:05]} {[%emt 00:03:17]} Ng5
{[%clk 01:08:17]} {[%emt 00:07:58]} 14. e4 {[%clk 01:14:37]} {[%emt 00:05:58]}
dxe4 {[%clk 01:07:32]} {[%emt 00:01:14]} 15. fxe4 {[%clk 01:14:10]} {[%emt
00:00:57]} Bf8 {[%clk 01:05:35]} {[%emt 00:02:27]} 16. Bh4 {[%clk 00:57:26]}
{[%emt 00:17:14]} Ng4 {[%clk 00:57:24]} {[%emt 00:08:41]} 17. Qd2 {[%clk
00:51:36]} {[%emt 00:06:20]} Qc7 {[%clk 00:43:06]} {[%emt 00:14:48]} 18. Bg3
{[%clk 00:47:38]} {[%emt 00:04:27]} Qd8 {[%clk 00:41:14]} {[%emt 00:02:23]} 19.
h3 {[%clk 00:39:57]} {[%emt 00:08:11]} Nh6 {[%clk 00:37:41]} {[%emt 00:04:03]}
20. Bf4 {[%clk 00:37:24]} {[%emt 00:03:02]} f6 {[%clk 00:34:13]} {[%emt
00:03:59]} 21. e5 {[%clk 00:22:48]} {[%emt 00:15:06]} Nhf7 {[%clk 00:27:26]}
{[%emt 00:07:17]} 22. h4 {[%clk 00:15:06]} {[%emt 00:08:12]} Ne6 {[%clk
00:26:58]} {[%emt 00:00:57]} 23. Ne4 {[%clk 00:12:51]} {[%emt 00:02:45]} fxe5
{[%clk 00:25:04]} {[%emt 00:02:25]} 24. Bxe5 {[%clk 00:11:03]} {[%emt
00:02:18]} Qxh4+ {[%clk 00:18:52]} {[%emt 00:06:43]} 25. Kg1 {[%clk 00:10:52]}
{[%emt 00:00:40]} Bg7 {[%clk 00:15:08]} {[%emt 00:04:14]} 26. Bxg7 {[%clk
00:07:56]} {[%emt 00:03:26]} Kxg7 {[%clk 00:15:24]} {[%emt 00:00:13]} 27. Rf3
{[%clk 00:07:16]} {[%emt 00:01:11]} Qd8 {[%clk 00:11:05]} {[%emt 00:04:49]} 28.
Raf1 {[%clk 00:05:51]} {[%emt 00:01:54]} Rf8 {[%clk 00:10:46]} {[%emt
00:00:50]} 29. Qc3 {[%clk 00:06:08]} {[%emt 00:00:14]} Qd5 {[%clk 00:05:24]}
{[%emt 00:05:51]} 30. Nf6 {[%clk 00:06:07]} {[%emt 00:00:31]} Qg5 {[%clk
00:04:20]} {[%emt 00:01:34]} 31. Rg3 {[%clk 00:06:21]} {[%emt 00:00:15]} Qh4
{[%clk 00:03:48]} {[%emt 00:01:02]} 32. Rh3 {[%clk 00:06:34]} {[%emt 00:00:18]}
Qxh3 {[%emt 00:02:09]} 33. gxh3 {[%clk 00:06:56]} {[%emt 00:00:06]} Nfg5 {[%clk
00:01:48]} {[%emt 00:00:53]} 34. Bc4 {[%clk 00:04:17]} {[%emt 00:03:09]} 1-0

[Event "DVM U16w 2024"]
[Site "Neumünster GER"]
[Date "2024.12.27"]
[Round "2"]
[White "Hladeniuk, Yelyzaveta"]
[Black "Leuchsenring, Delia"]
[Result "1/2-1/2"]
[Termination "normal"]
[Board "4.3"]
[WhiteElo "1630"]
[BlackElo "1500"]
[WhiteClock "01:23:41"]
[BlackClock "00:21:57"]
[WhiteTeam "SchachAkademiePaderborn"]
[BlackTeam "ATSV Oberkotzau"]
[PlyCount "51"]
[WhiteFideId "34176128"]
[BlackFideId "34605304"]
[EventCountry "GER"]
[EventRounds "7"]
[EventType "team-swiss"]
[EventDate "2024.12.26"]

1. d4 {[%clk 01:30:58]} {[%emt 00:00:01]} d5 {[%clk 01:30:55]} {[%emt
00:00:06]} 2. c4 {[%clk 01:31:08]} {[%emt 00:00:19]} e6 {[%clk 01:31:20]}
{[%emt 00:00:06]} 3. Nc3 {[%clk 01:31:31]} {[%emt 00:00:06]} Nf6 {[%clk
01:31:12]} {[%emt 00:00:39]} 4. cxd5 {[%clk 01:31:46]} {[%emt 00:00:15]} exd5
{[%clk 01:31:25]} {[%emt 00:00:17]} 5. Bg5 {[%clk 01:32:08]} {[%emt 00:00:07]}
Be7 {[%clk 01:30:19]} {[%emt 00:01:36]} 6. Qc2 {[%clk 01:32:09]} {[%emt
00:00:29]} Nc6 {[%clk 01:28:17]} {[%emt 00:02:33]} 7. e3 {[%clk 01:26:53]}
{[%emt 00:05:45]} O-O {[%clk 01:23:21]} {[%emt 00:05:27]} 8. a3 {[%clk
01:26:56]} {[%emt 00:00:26]} a6 {[%clk 01:12:28]} {[%emt 00:11:24]} 9. Bd3
{[%clk 01:27:10]} {[%emt 00:00:14]} h6 {[%clk 01:12:06]} {[%emt 00:00:53]} 10.
Bh4 {[%clk 01:27:20]} {[%emt 00:00:20]} Be6 {[%clk 01:05:30]} {[%emt 00:07:06]}
11. Nf3 {[%clk 01:26:57]} {[%emt 00:00:53]} Qd7 {[%clk 01:02:34]} {[%emt
00:03:27]} 12. O-O {[%clk 01:25:53]} Kh8 {[%clk 00:53:04]} {[%emt 00:11:33]}
13. b4 {[%clk 01:25:47]} Na7 {[%clk 00:51:17]} {[%emt 00:02:53]} 14. Ne5 {[%clk
01:25:56]} Qd6 {[%clk 00:46:49]} {[%emt 00:05:20]} 15. Bf5 {[%clk 01:25:21]}
{[%emt 00:01:04]} Nd7 {[%clk 00:33:23]} {[%emt 00:13:57]} 16. Bxe7 {[%clk
01:25:00]} Qxe7 {[%clk 00:33:35]} {[%emt 00:01:08]} 17. Nxd7 Qxd7 {[%clk
00:32:40]} 18. Bxe6 {[%clk 01:24:54]} fxe6 {[%clk 00:32:32]} {[%emt 00:01:17]}
19. Na4 {[%clk 01:24:58]} Qe7 {[%clk 00:27:01]} {[%emt 00:06:26]} 20. Rac1
{[%clk 01:24:51]} {[%emt 00:00:37]} Nb5 {[%clk 00:26:03]} {[%emt 00:01:29]} 21.
Ra1 {[%clk 01:23:53]} {[%emt 00:01:27]} Rf6 {[%clk 00:24:43]} {[%emt 00:01:50]}
22. Qc5 {[%clk 01:24:02]} {[%emt 00:00:19]} Qf7 {[%clk 00:22:52]} {[%emt
00:02:23]} 23. Nc3 {[%clk 01:24:03]} {[%emt 00:00:28]} Nxc3 {[%clk 00:22:01]}
{[%emt 00:01:21]} 24. Qxc3 {[%clk 01:24:25]} {[%emt 00:00:09]} Rf8 {[%clk
00:22:14]} {[%emt 00:00:17]} 25. Ra2 {[%clk 01:24:18]} {[%emt 00:00:37]} c6
{[%clk 00:21:57]} {[%emt 00:00:47]} 26. Qb2 {[%clk 01:23:41]} {[%emt 00:01:07]}
1/2-1/2

[Event "DVM U16w 2024"]
[Site "Neumünster GER"]
[Date "2024.12.27"]
[Round "2"]
[White "Köppel, Clementine"]
[Black "Cao, Weiqi"]
[Result "1/2-1/2"]
[Termination "normal"]
[Board "4.4"]
[WhiteElo "1555"]
[BlackElo "1610"]
[WhiteClock "00:51:47"]
[BlackClock "00:35:09"]
[WhiteTeam "ATSV Oberkotzau"]
[BlackTeam "SchachAkademiePaderborn"]
[PlyCount "41"]
[WhiteFideId "34605819"]
[BlackFideId "34630112"]
[EventCountry "GER"]
[EventRounds "7"]
[EventType "team-swiss"]
[EventDate "2024.12.26"]

1. e4 {[%clk 01:30:58]} {[%emt 00:00:01]} d5 {[%clk 01:30:53]} {[%emt
00:00:08]} 2. exd5 {[%clk 01:31:16]} {[%emt 00:00:12]} Qxd5 {[%clk 01:31:16]}
{[%emt 00:00:07]} 3. Nc3 {[%clk 01:31:31]} {[%emt 00:00:14]} Qd6 {[%clk
01:31:39]} {[%emt 00:00:07]} 4. Nf3 {[%clk 01:31:38]} {[%emt 00:00:23]} Nf6
{[%clk 01:31:51]} {[%emt 00:00:18]} 5. d4 {[%clk 01:30:58]} {[%emt 00:01:10]}
Bg4 {[%clk 01:29:43]} {[%emt 00:02:38]} 6. Be2 {[%clk 01:30:30]} {[%emt
00:00:58]} c6 {[%clk 01:28:59]} {[%emt 00:01:14]} 7. Bg5 {[%clk 01:28:39]}
{[%emt 00:02:21]} Nbd7 {[%clk 01:25:14]} {[%emt 00:04:15]} 8. O-O {[%clk
01:27:41]} {[%emt 00:01:27]} e6 {[%clk 01:22:09]} {[%emt 00:03:36]} 9. Bxf6
{[%clk 01:25:12]} {[%emt 00:02:59]} Nxf6 {[%clk 01:20:10]} {[%emt 00:02:29]}
10. Qd2 {[%clk 01:22:34]} {[%emt 00:03:08]} Be7 {[%clk 01:17:31]} {[%emt
00:03:08]} 11. Rad1 {[%clk 01:19:54]} {[%emt 00:03:11]} O-O {[%clk 01:15:28]}
{[%emt 00:02:33]} 12. h3 {[%clk 01:08:14]} {[%emt 00:12:10]} Bh5 {[%clk
01:13:43]} {[%emt 00:02:13]} 13. Ne5 {[%clk 01:04:14]} {[%emt 00:04:31]} Bxe2
{[%clk 01:02:59]} {[%emt 00:11:15]} 14. Nxe2 {[%clk 01:03:35]} {[%emt
00:01:08]} Rad8 {[%clk 00:52:45]} {[%emt 00:10:43]} 15. c3 {[%clk 01:00:40]}
{[%emt 00:03:25]} c5 {[%clk 00:50:04]} {[%emt 00:03:13]} 16. Nc4 {[%clk
00:58:19]} {[%emt 00:02:50]} Qc7 {[%clk 00:47:10]} {[%emt 00:03:13]} 17. Ne3
{[%clk 00:55:50]} {[%emt 00:03:08]} h6 {[%clk 00:42:23]} {[%emt 00:05:20]} 18.
Qc2 {[%clk 00:55:26]} {[%emt 00:00:52]} cxd4 {[%clk 00:39:01]} {[%emt
00:03:54]} 19. Nxd4 {[%clk 00:55:16]} {[%emt 00:00:39]} a6 {[%clk 00:37:07]}
{[%emt 00:02:24]} 20. a3 {[%clk 00:52:34]} {[%emt 00:03:14]} Bc5 {[%clk
00:35:09]} {[%emt 00:02:20]} 21. b4 {[%clk 00:51:47]} {[%emt 00:01:24]} 1/2-1/2

[Event "DVM U16w 2024"]
[Site "Neumünster GER"]
[Date "2024.12.27"]
[Round "2"]
[White "Neumann, Helena"]
[Black "Sayouf, Rafif"]
[Result "1-0"]
[Termination "normal"]
[Board "5.1"]
[WhiteElo "2041"]
[BlackElo "1680"]
[WhiteClock "01:28:13"]
[BlackClock "01:02:57"]
[WhiteTeam "SG Porz"]
[BlackTeam "USG Chemnitz"]
[PlyCount "79"]
[WhiteFideId "16275365"]
[BlackFideId "34630333"]
[EventCountry "GER"]
[EventRounds "7"]
[EventType "team-swiss"]
[EventDate "2024.12.26"]

1. e4 {[%clk 01:30:59]} e5 {[%clk 01:30:55]} {[%emt 00:00:06]} 2. Nf3 {[%clk
01:31:25]} {[%emt 00:00:04]} Nc6 {[%clk 01:31:20]} {[%emt 00:00:04]} 3. Bc4
{[%clk 01:31:51]} {[%emt 00:00:05]} Nf6 {[%clk 01:31:45]} {[%emt 00:00:05]} 4.
d3 {[%clk 01:32:16]} {[%emt 00:00:05]} Bc5 {[%clk 01:32:06]} {[%emt 00:00:08]}
5. c3 {[%clk 01:32:43]} {[%emt 00:00:04]} Bb6 {[%clk 01:32:05]} {[%emt
00:00:30]} 6. Nbd2 {[%clk 01:32:58]} {[%emt 00:00:16]} a6 {[%clk 01:31:39]}
{[%emt 00:00:56]} 7. Bb3 {[%clk 01:33:22]} {[%emt 00:00:06]} d6 {[%clk
01:31:14]} {[%emt 00:00:55]} 8. O-O {[%clk 01:33:39]} {[%emt 00:00:13]} O-O
{[%clk 01:31:17]} {[%emt 00:00:27]} 9. h3 {[%clk 01:33:46]} {[%emt 00:00:22]}
Be6 {[%clk 01:31:18]} {[%emt 00:00:29]} 10. Bc2 {[%clk 01:34:11]} {[%emt
00:00:05]} h6 {[%clk 01:30:29]} {[%emt 00:01:20]} 11. Re1 {[%clk 01:34:34]}
{[%emt 00:00:06]} Nd7 {[%clk 01:29:49]} {[%emt 00:01:10]} 12. Nf1 {[%clk
01:31:41]} {[%emt 00:03:23]} f5 {[%clk 01:28:10]} {[%emt 00:02:10]} 13. exf5
{[%clk 01:28:47]} {[%emt 00:03:24]} Bxf5 {[%clk 01:28:06]} {[%emt 00:00:34]}
14. Ng3 {[%clk 01:29:11]} {[%emt 00:00:05]} Bh7 {[%clk 01:26:40]} {[%emt
00:01:56]} 15. Be3 {[%clk 01:27:02]} {[%emt 00:02:40]} Ne7 {[%clk 01:24:02]}
{[%emt 00:03:08]} 16. Bb3+ {[%clk 01:24:58]} {[%emt 00:02:34]} Kh8 {[%clk
01:24:13]} {[%emt 00:00:18]} 17. Bxb6 {[%clk 01:25:16]} {[%emt 00:00:13]} Nxb6
{[%clk 01:24:34]} {[%emt 00:00:08]} 18. d4 {[%clk 01:25:42]} {[%emt 00:00:05]}
Nf5 {[%clk 01:12:19]} {[%emt 00:12:44]} 19. Nxf5 {[%clk 01:22:09]} {[%emt
00:04:03]} Rxf5 {[%clk 01:12:04]} {[%emt 00:00:46]} 20. dxe5 {[%clk 01:22:31]}
{[%emt 00:00:09]} dxe5 {[%clk 01:11:45]} {[%emt 00:00:48]} 21. Qxd8+ {[%clk
01:22:39]} {[%emt 00:00:22]} Rxd8 {[%clk 01:12:09]} {[%emt 00:00:06]} 22. Nxe5
{[%clk 01:23:03]} {[%emt 00:00:05]} Bg8 {[%clk 01:10:41]} {[%emt 00:01:57]} 23.
Ng6+ {[%clk 01:23:04]} {[%emt 00:00:31]} Kh7 {[%clk 01:10:58]} {[%emt
00:00:13]} 24. Ne7 {[%clk 01:23:28]} {[%emt 00:00:07]} Bxb3 {[%clk 01:06:49]}
{[%emt 00:04:38]} 25. Nxf5 {[%clk 01:23:51]} {[%emt 00:00:07]} Bc2 {[%clk
01:05:36]} {[%emt 00:01:42]} 26. Nd4 {[%clk 01:23:50]} {[%emt 00:00:31]} Bg6
{[%clk 01:05:30]} {[%emt 00:00:36]} 27. Re7 {[%clk 01:24:12]} {[%emt 00:00:09]}
Nd5 {[%clk 01:03:39]} {[%emt 00:02:20]} 28. Rxg7+ {[%clk 01:24:23]} {[%emt
00:00:19]} Kxg7 {[%clk 01:04:02]} {[%emt 00:00:08]} 29. Ne6+ {[%clk 01:24:49]}
{[%emt 00:00:04]} Kf6 {[%clk 01:03:05]} {[%emt 00:01:22]} 30. Nxd8 {[%clk
01:25:16]} {[%emt 00:00:08]} b6 {[%clk 01:03:04]} {[%emt 00:00:30]} 31. Rd1
{[%clk 01:25:01]} {[%emt 00:00:46]} Ke5 {[%clk 01:01:50]} {[%emt 00:01:43]} 32.
Nc6+ {[%clk 01:25:18]} {[%emt 00:00:14]} Ke6 {[%clk 01:01:49]} {[%emt
00:00:29]} 33. Rxd5 {[%clk 01:25:34]} {[%emt 00:00:15]} Kxd5 {[%clk 01:02:12]}
{[%emt 00:00:08]} 34. Ne7+ {[%clk 01:25:59]} {[%emt 00:00:05]} Kc4 {[%clk
01:02:28]} {[%emt 00:00:14]} 35. Nxg6 {[%clk 01:26:23]} {[%emt 00:00:05]} c5
{[%clk 01:02:44]} {[%emt 00:00:15]} 36. Ne5+ {[%clk 01:26:44]} {[%emt
00:00:09]} Kd5 {[%clk 01:03:03]} {[%emt 00:00:10]} 37. f4 {[%clk 01:27:12]}
{[%emt 00:00:03]} Ke4 {[%clk 01:03:01]} {[%emt 00:00:32]} 38. g3 {[%clk
01:27:29]} {[%emt 00:00:12]} b5 {[%clk 01:02:45]} {[%emt 00:00:47]} 39. Nd7
{[%clk 01:27:48]} {[%emt 00:00:11]} c4 {[%clk 01:02:57]} {[%emt 00:00:18]} 40.
Nc5+ {[%clk 01:28:13]} {[%emt 00:00:04]} 1-0

[Event "DVM U16w 2024"]
[Site "Neumünster GER"]
[Date "2024.12.27"]
[Round "2"]
[White "Mehner, Clara"]
[Black "Göb, Franziska"]
[Result "1/2-1/2"]
[Termination "normal"]
[Board "5.2"]
[WhiteElo "1572"]
[BlackElo "1573"]
[WhiteClock "00:28:41"]
[BlackClock "00:13:06"]
[WhiteTeam "USG Chemnitz"]
[BlackTeam "SG Porz"]
[PlyCount "50"]
[WhiteFideId "34612165"]
[BlackFideId "16293177"]
[EventCountry "GER"]
[EventRounds "7"]
[EventType "team-swiss"]
[EventDate "2024.12.26"]

1. e4 {[%clk 01:30:58]} {[%emt 00:00:01]} e5 {[%clk 01:30:55]} {[%emt
00:00:05]} 2. Nf3 {[%clk 01:31:21]} {[%emt 00:00:07]} Nc6 {[%clk 01:31:21]}
{[%emt 00:00:04]} 3. d4 {[%clk 01:31:44]} {[%emt 00:00:07]} exd4 {[%clk
01:31:46]} {[%emt 00:00:05]} 4. Bc4 {[%clk 01:32:03]} {[%emt 00:00:11]} Bc5
{[%clk 01:32:08]} {[%emt 00:00:07]} 5. c3 {[%clk 01:32:07]} {[%emt 00:00:27]}
Nf6 {[%clk 01:32:24]} {[%emt 00:00:15]} 6. cxd4 {[%clk 01:31:36]} {[%emt
00:01:00]} Bb4+ {[%clk 01:32:44]} {[%emt 00:00:09]} 7. Nc3 {[%clk 01:30:55]}
{[%emt 00:01:13]} Nxe4 {[%clk 01:33:03]} {[%emt 00:00:11]} 8. O-O {[%clk
01:30:09]} {[%emt 00:01:15]} Bxc3 {[%clk 01:33:24]} {[%emt 00:00:09]} 9. bxc3
{[%clk 01:29:32]} {[%emt 00:01:08]} d5 {[%clk 01:33:45]} {[%emt 00:00:08]} 10.
Re1 {[%clk 01:23:55]} {[%emt 00:06:07]} O-O {[%clk 01:29:55]} {[%emt 00:04:19]}
11. Qc2 {[%clk 01:19:33]} {[%emt 00:04:53]} Bf5 {[%clk 01:23:16]} {[%emt
00:07:08]} 12. Bd3 {[%clk 01:19:00]} {[%emt 00:01:04]} Re8 {[%clk 01:18:42]}
{[%emt 00:05:04]} 13. Bf4 {[%clk 01:13:16]} {[%emt 00:06:14]} Bg6 {[%clk
01:07:53]} {[%emt 00:11:18]} 14. Re2 {[%clk 01:06:30]} {[%emt 00:07:18]} Nf6
{[%clk 00:57:59]} {[%emt 00:10:23]} 15. Rae1 {[%clk 01:04:48]} {[%emt
00:02:12]} Rxe2 {[%clk 00:54:30]} {[%emt 00:03:58]} 16. Rxe2 {[%clk 01:04:44]}
{[%emt 00:00:35]} Bxd3 {[%clk 00:54:16]} {[%emt 00:00:45]} 17. Qxd3 {[%clk
01:05:02]} {[%emt 00:00:11]} Qd7 {[%clk 00:45:19]} {[%emt 00:09:25]} 18. Qb1
{[%clk 00:59:30]} {[%emt 00:06:04]} Rb8 {[%clk 00:35:14]} {[%emt 00:10:34]} 19.
Qe1 {[%clk 00:55:12]} {[%emt 00:04:50]} h6 {[%clk 00:32:55]} {[%emt 00:02:48]}
20. Ne5 {[%clk 00:49:31]} {[%emt 00:06:10]} Nxe5 {[%clk 00:31:07]} {[%emt
00:02:19]} 21. Bxe5 {[%clk 00:47:15]} {[%emt 00:02:46]} Ne4 {[%clk 00:26:50]}
{[%emt 00:04:46]} 22. f3 {[%clk 00:40:23]} {[%emt 00:07:23]} Nd6 {[%clk
00:20:49]} {[%emt 00:06:30]} 23. Bxd6 {[%clk 00:34:44]} {[%emt 00:06:10]} cxd6
{[%clk 00:17:46]} {[%emt 00:03:32]} 24. Re7 {[%clk 00:32:31]} {[%emt 00:02:43]}
Qc6 {[%clk 00:17:33]} {[%emt 00:00:43]} 25. Qe3 {[%clk 00:28:41]} {[%emt
00:04:21]} Rf8 {[%clk 00:13:06]} {[%emt 00:04:57]} 1/2-1/2

[Event "DVM U16w 2024"]
[Site "Neumünster GER"]
[Date "2024.12.27"]
[Round "2"]
[White "Siegel, Irene"]
[Black "Mo, Keyou"]
[Result "0-1"]
[Termination "normal"]
[Board "5.3"]
[WhiteElo "1612"]
[BlackElo "1552"]
[WhiteClock "00:04:59"]
[BlackClock "00:12:52"]
[WhiteTeam "SG Porz"]
[BlackTeam "USG Chemnitz"]
[PlyCount "116"]
[WhiteFideId "16284380"]
[BlackFideId "34623582"]
[EventCountry "GER"]
[EventRounds "7"]
[EventType "team-swiss"]
[EventDate "2024.12.26"]

1. e4 {[%clk 01:30:59]} {[%emt 00:00:01]} e5 {[%clk 01:30:56]} {[%emt
00:00:04]} 2. Nf3 {[%clk 01:31:18]} {[%emt 00:00:10]} Nc6 {[%clk 01:31:22]}
{[%emt 00:00:04]} 3. d4 {[%clk 01:31:36]} {[%emt 00:00:12]} exd4 {[%clk
01:31:44]} {[%emt 00:00:09]} 4. Nxd4 {[%clk 01:32:02]} {[%emt 00:00:05]} Bc5
{[%clk 01:32:03]} {[%emt 00:00:09]} 5. Be3 {[%clk 01:32:27]} {[%emt 00:00:06]}
Qf6 {[%clk 01:32:14]} {[%emt 00:00:19]} 6. c3 {[%clk 01:32:51]} {[%emt
00:00:06]} Nge7 {[%clk 01:32:16]} {[%emt 00:00:28]} 7. Bc4 {[%clk 01:33:11]}
{[%emt 00:00:10]} d6 {[%clk 01:31:38]} {[%emt 00:01:08]} 8. O-O {[%clk
01:33:23]} {[%emt 00:00:17]} Ne5 {[%clk 01:31:34]} {[%emt 00:00:34]} 9. Be2
{[%clk 01:33:37]} {[%emt 00:00:17]} Qg6 {[%clk 01:31:03]} {[%emt 00:00:58]} 10.
Kh1 {[%clk 01:32:58]} {[%emt 00:01:12]} Qxe4 {[%clk 01:30:17]} {[%emt
00:01:15]} 11. Nd2 {[%clk 01:28:56]} {[%emt 00:04:32]} Qg6 {[%clk 01:29:39]}
{[%emt 00:01:08]} 12. Nb5 {[%clk 01:28:30]} {[%emt 00:00:57]} Nd5 {[%clk
01:26:32]} {[%emt 00:03:37]} 13. Bxc5 {[%clk 01:27:26]} {[%emt 00:01:34]} dxc5
{[%clk 01:26:40]} {[%emt 00:00:22]} 14. c4 {[%clk 01:27:27]} {[%emt 00:00:28]}
c6 {[%clk 01:25:52]} {[%emt 00:01:18]} 15. cxd5 {[%clk 01:27:19]} {[%emt
00:00:39]} cxb5 {[%clk 01:26:12]} {[%emt 00:00:10]} 16. Bxb5+ {[%clk 01:27:43]}
{[%emt 00:00:07]} Nd7 {[%clk 01:25:01]} {[%emt 00:01:39]} 17. Re1+ {[%clk
01:28:03]} {[%emt 00:00:11]} Kd8 {[%clk 01:25:18]} {[%emt 00:00:13]} 18. Ne4
{[%clk 01:26:52]} {[%emt 00:01:41]} a6 {[%clk 01:19:01]} {[%emt 00:06:46]} 19.
Ba4 {[%clk 01:26:08]} {[%emt 00:01:15]} b5 {[%clk 01:17:45]} {[%emt 00:01:44]}
20. Bc2 {[%clk 01:26:25]} {[%emt 00:00:14]} Qb6 {[%clk 01:17:03]} {[%emt
00:01:12]} 21. d6 {[%clk 01:22:32]} {[%emt 00:04:23]} Bb7 {[%clk 01:11:41]}
{[%emt 00:05:49]} 22. Qd2 {[%clk 01:21:55]} {[%emt 00:01:09]} f6 {[%clk
01:03:51]} {[%emt 00:08:20]} 23. Rad1 {[%clk 01:21:45]} {[%emt 00:00:41]} Rc8
{[%clk 01:02:31]} {[%emt 00:01:49]} 24. Qe3 {[%clk 01:20:59]} {[%emt 00:01:15]}
Re8 {[%clk 01:01:26]} {[%emt 00:01:34]} 25. Qg3 {[%clk 01:19:56]} {[%emt
00:01:33]} g6 {[%clk 00:58:04]} {[%emt 00:03:55]} 26. Qh4 {[%clk 01:18:13]}
{[%emt 00:02:12]} Bxe4 {[%clk 00:55:49]} {[%emt 00:02:47]} 27. Bxe4 {[%clk
01:18:17]} {[%emt 00:00:26]} g5 {[%clk 00:50:56]} {[%emt 00:05:22]} 28. Qxh7
{[%clk 01:17:38]} {[%emt 00:01:09]} Re6 {[%clk 00:44:33]} {[%emt 00:06:52]} 29.
Qg8+ {[%clk 01:17:52]} {[%emt 00:00:17]} Re8 {[%clk 00:44:15]} {[%emt
00:00:47]} 30. Qf7 {[%clk 01:18:13]} {[%emt 00:00:10]} Rb8 {[%clk 00:43:18]}
{[%emt 00:01:23]} 31. Rf1 {[%clk 01:18:21]} {[%emt 00:00:27]} Rxe4 {[%clk
00:42:37]} {[%emt 00:01:10]} 32. f3 {[%clk 01:16:29]} {[%emt 00:02:22]} Re8
{[%clk 00:41:53]} {[%emt 00:01:14]} 33. f4 {[%clk 01:16:10]} {[%emt 00:00:49]}
g4 {[%clk 00:41:04]} {[%emt 00:01:19]} 34. Qg6 {[%clk 01:15:48]} {[%emt
00:00:49]} c4 {[%clk 00:39:05]} {[%emt 00:02:32]} 35. Qxg4 {[%clk 01:15:45]}
{[%emt 00:00:33]} Qc5 {[%clk 00:38:34]} {[%emt 00:00:58]} 36. Qf3 {[%clk
01:07:58]} {[%emt 00:08:11]} Qf5 {[%clk 00:32:02]} {[%emt 00:07:07]} 37. Qc6
{[%clk 01:04:44]} {[%emt 00:03:48]} Rc8 {[%clk 00:31:27]} {[%emt 00:01:06]} 38.
Qxa6 {[%clk 01:04:58]} {[%emt 00:00:16]} Qc5 {[%clk 00:30:34]} {[%emt
00:01:20]} 39. Qa5+ {[%clk 01:00:03]} {[%emt 00:05:26]} Qb6 {[%clk 00:30:35]}
{[%emt 00:00:29]} 40. Qxb6+ {[%clk 00:50:04]} {[%emt 00:10:30]} Nxb6 {[%clk
00:30:55]} {[%emt 00:00:10]} 41. g4 {[%clk 00:50:25]} {[%emt 00:00:09]} Rg8
{[%clk 00:30:33]} {[%emt 00:00:51]} 42. h3 {[%clk 00:49:19]} {[%emt 00:01:37]}
Kd7 {[%clk 00:29:55]} {[%emt 00:01:08]} 43. Rg1 {[%clk 00:46:28]} {[%emt
00:03:21]} Rc6 {[%clk 00:30:03]} {[%emt 00:00:22]} 44. g5 {[%clk 00:44:56]}
{[%emt 00:02:02]} fxg5 {[%clk 00:29:09]} {[%emt 00:01:25]} 45. fxg5 {[%clk
00:45:19]} {[%emt 00:00:06]} Rxd6 {[%clk 00:29:31]} {[%emt 00:00:08]} 46. Rxd6+
{[%clk 00:45:15]} {[%emt 00:00:35]} Kxd6 {[%clk 00:29:54]} {[%emt 00:00:07]}
47. h4 {[%clk 00:42:37]} {[%emt 00:03:07]} Rh8 {[%clk 00:29:46]} {[%emt
00:00:37]} 48. Rg4 {[%clk 00:43:03]} {[%emt 00:00:05]} Nd5 {[%clk 00:30:00]}
{[%emt 00:00:16]} 49. Kh2 {[%clk 00:42:30]} {[%emt 00:01:02]} Ne3 {[%clk
00:30:11]} {[%emt 00:00:19]} 50. Re4 {[%clk 00:23:01]} {[%emt 00:20:00]} Nf5
{[%clk 00:17:21]} {[%emt 00:13:19]} 51. Kh3 {[%clk 00:20:28]} {[%emt 00:03:04]}
Kd5 {[%clk 00:16:16]} {[%emt 00:01:35]} 52. Rg4 {[%clk 00:19:04]} {[%emt
00:01:50]} b4 {[%clk 00:14:08]} {[%emt 00:02:42]} 53. Rf4 {[%clk 00:09:46]}
{[%emt 00:09:48]} Rxh4+ {[%clk 00:11:07]} {[%emt 00:03:32]} 54. Rxh4 {[%clk
00:09:44]} {[%emt 00:00:31]} Nxh4 {[%clk 00:11:31]} {[%emt 00:00:05]} 55. Kxh4
{[%clk 00:10:09]} {[%emt 00:00:06]} c3 {[%clk 00:11:45]} {[%emt 00:00:17]} 56.
bxc3 {[%clk 00:09:33]} {[%emt 00:01:05]} bxc3 {[%clk 00:12:10]} {[%emt
00:00:06]} 57. g6 {[%clk 00:09:57]} {[%emt 00:00:05]} Ke6 {[%clk 00:12:29]}
{[%emt 00:00:11]} 58. a4 {[%clk 00:04:59]} {[%emt 00:05:28]} c2 {[%clk
00:12:52]} {[%emt 00:00:07]} 0-1